| Поле | Инд. | ПП | Название | Значение |
|---|---|---|---|---|
| Тип записи | a | |||
| Библиографический уровень | a | |||
| 001 | Контрольный номер | 51f17c27b13042cfb0574f5fa586ac8b | ||
| 005 | Дата корректировки | 20200903130021.9 | ||
| 020 | a | ISBN | 978-5-7609-1525-2 | |
| 040 | a | Служба первич. каталог. | НБ ТвГУ | |
| b | Код языка каталог. | rus | ||
| e | Правила каталог. | PSBO | ||
| 041 | 0_ | a | Код языка текста | rus |
| 097 | b | Оператор | Raenko.AV | |
| 098 | b | Факультет | Иностранных языков и международной коммуникации | |
| c | Кафедра | Французского языка | ||
| 100 | 1_ | a | Автор | Осипова Ольга Владимировна |
| q | Полное имя | Осипова О.В. | ||
| 245 | 10 | a | Заглавие | К вопросу о частях речи во французском языке |
| 260 | a | Место издания | Тверь | |
| b | Издательство | Тверской государственный университет | ||
| 504 | a | Библиография | Библиогр.: с. 203 (13 назв.) | |
| 520 | 0_ | a | Аннотация | В статье рассматриваются вопросы необходимости классификации слов по частям речи, трудности, связанные с выделением частей речи на разных этапах эволюции лингвистических учений, а также возможность существования и применения универсальной классификации к французскому языку |
| 653 | 0_ | a | Ключевые слова | Части речи |
| a | Ключевые слова | Теоретическая грамматика | ||
| a | Ключевые слова | Классификация частей речи | ||
| a | Ключевые слова | Теория слова | ||
| a | Ключевые слова | Французский язык | ||
| a | Ключевые слова | Преподавание французского языка | ||
| a | Ключевые слова | Труды Тверского государственного университета | ||
| 773 | 18 | w | Контрольный № источника | a0457e1dc21e46a291415bd84ef7a666 |
| t | Название источника | Языковой дискурс в социальной практике | ||
| d | Место и дата издания | Тверь : Тверской государственный университет, 2020 | ||
| g | Прочая информация | С. 200-203 | ||
| 856 | 40 | u | URL | http://texts.lib.tversu.ru/texts/149456t.pdf |
| x | Примечание для ЭОР | Справка УИС 2020 | ||
| x | Примечание для ЭОР | Реестр суммарного учета сетевых локальных документов | ||
| i | Дата подключения ЭОР | 20200903 | ||
| 901 | t | Тип документа | a | |
| 920 | a | Оператор | Раен | |
| 954 | b | Дата поступления в ОК | 20200819 |